000
00332nam a2200133Ia 4500
008
240624s9999 xx 000 0 und d
041
_a
eng
082
_a
651.3 TAP
100
_a
TAPPING DON
245
_a
VALUE STREAM MANAGEMENT FOR THE LEAN OFFICE
260
_c
2003
_b
Productivity Press
300
_a
176 : p.
365
_c
BPS
_b
30
999
_c
14372
_d
14372